Loading...
History - World History | 0 | 3 | 0 | 2 | 30 | 128 | 131.33 | 0 | 2 |
Fine Arts - Other Fine Arts | 0 | 1 | 0 | 0 | 10 | 130 | 130.00 | 0 | 0 |
Social Science | 0 | 1 | 0 | 0 | 10 | 131 | 131.00 | 0 | 0 |
Literature - American Literature | 0 | 1 | 0 | 0 | 10 | 88 | 88.00 | 0 | 1 |
Mythology | 0 | 1 | 0 | 0 | 10 | 46 | 46.00 | 1 | 1 |
Science - Chemistry | 0 | 1 | 0 | 1 | 10 | 130 | 130.00 | 0 | 0 |
Science - Physics | 0 | 1 | 0 | 1 | 10 | 133 | 133.00 | 0 | 0 |
Fine Arts - Classical Music | 0 | 1 | 0 | 0 | 10 | 60 | 60.00 | 1 | 1 |
Religion | 0 | 1 | 1 | 0 | 5 | 104 | 104.00 | 1 | 1 |
History - European History | 0 | 0 | 0 | 0 | 0 | 0.00 | 0 | 0 | |
Literature - British Literature | 0 | 0 | 0 | 0 | 0 | 0.00 | 0 | 0 | |
Other | 0 | 0 | 1 | 0 | -5 | 0.00 | 0 | 0 | |
Science - Other Science | 0 | 0 | 2 | 0 | -10 | 0.00 | 0 | 0 |